Етнолінгвістичний аналіз лексико-семантичного поля на позначенні "родинні звязки, сімя, шлюбні традиції" в англійській мові (Запис № 285465)

МАРК-запис
000 -LEADER
fixed length control field 01844nam a22001577a 4500
041 ## - LANGUAGE CODE
Language code of text/sound track or separate title ukr
080 ## - UNIVERSAL DECIMAL CLASSIFICATION NUMBER
Universal Decimal Classification number 09
090 ## - LOCALLY ASSIGNED LC-TYPE CALL NUMBER (OCLC); LOCAL CALL NUMBER (OCLC)
Local cutter number (OCLC) ; Book number/undivided call number, CALL (RLIN) НЕД
100 ## - MAIN ENTRY--PERSONAL NAME
Personal name Недашківська, І. С.
245 ## - TITLE STATEMENT
Title Етнолінгвістичний аналіз лексико-семантичного поля на позначенні "родинні звязки, сімя, шлюбні традиції" в англійській мові
260 ## - PUBLICATION, DISTRIBUTION, ETC. (IMPRINT)
Place of publication, distribution, etc Острог
Name of publisher, distributor, etc КАФ
Date of publication, distribution, etc 2014
300 ## - PHYSICAL DESCRIPTION
Extent 73
520 ## - SUMMARY, ETC.
Summary, etc Вступ.<br/>Розділ ІІ. Основні поняття етнолінгвістики та лексико-семантичного поля.<br/>1.1. Поняття етнолінгвістики, її функції<br/>1.2. Поняття ЛСП, його завдання та функції<br/>Розділ ІІ. Лексичні та фразеологічні одиниці лексико-семантичного поля у "родинні звязки, сімя, шлюбні традиції".<br/>2.1. Етнолінгвістичне розуміння поняття "сімя" та особливості відображення коннотативного впливу у мові<br/>2.2. Лексико-семантичний аналіз лексичних та фразеологічних одиниць на позначенні поняття "родинні звязки" в англійському етносі<br/>2.3. Лексичні одиниці на позначенні "шлюбні традицій та звичаїв" англійців<br/>2.4. Метафоричні засоби вираження "родинні звязки"<br/>Висновки.<br/>Список використаних джерел.<br/>Додатки.
-- етнолінгвістика, лексична одиниця
650 ## - SUBJECT ADDED ENTRY--TOPICAL TERM
Topical term or geographic name as entry element Research Papers
942 ## - ADDED ENTRY ELEMENTS (KOHA)
Koha item type Книги
Фонди
Withdrawn status Lost status Source of classification or shelving scheme Damaged status Not for loan Home library Current library Date acquired Source of acquisition Cost, normal purchase price Total Checkouts Full call number Barcode Date last seen Price effective from Koha item type
    Universal Decimal Classification     ВІЛ - Відділ іноземн. літератури НБ ВІЛ - Відділ іноземн. літератури НБ 17/06/2014 Акт №8 1.00   09 215453 10/11/2021 17/06/2014 Книги